Encyclopedia of dog breeds / (Record no. 704)

MARC details
000 -LEADER
fixed length control field 00673pam a2200241 a 4500
005 - DATE AND TIME OF LATEST TRANSACTION
control field 20260322212030.0
008 - FIXED-LENGTH DATA ELEMENTS--GENERAL INFORMATION
fixed length control field data
010 ## - LIBRARY OF CONGRESS CONTROL NUMBER
LC control number 98020368
020 ## - INTERNATIONAL STANDARD BOOK NUMBER
International Standard Book Number 0764150979
020 ## - INTERNATIONAL STANDARD BOOK NUMBER
International Standard Book Number 9780764150975
040 ## - CATALOGING SOURCE
Original cataloging agency DLC
Transcribing agency DLC
Modifying agency DLC
050 00 - LIBRARY OF CONGRESS CALL NUMBER
Classification number SF422
Item number .C65 1998
082 00 - DEWEY DECIMAL CLASSIFICATION NUMBER
Classification number 636.7/1/03
Edition information 21
092 ## - LOCALLY ASSIGNED DEWEY CALL NUMBER (OCLC)
Classification number 636.7 C65 1998
001 - CONTROL NUMBER
control field data
100 1# - MAIN ENTRY--PERSONAL NAME
Personal name Coile, D. Caroline.
245 10 - TITLE STATEMENT
Title Encyclopedia of dog breeds /
Statement of responsibility, etc. D. Caroline Coile.
260 ## - PUBLICATION, DISTRIBUTION, ETC.
Place of publication, distribution, etc. Hauppauge, NY :
Name of publisher, distributor, etc. Barron's Educational Series,
Date of publication, distribution, etc. c1998.
300 ## - PHYSICAL DESCRIPTION
Extent xv, 328 p. :
Other physical details ill. (some col.) ;
Dimensions 30 cm.
500 ## - GENERAL NOTE
General note Includes index.
650 #0 - SUBJECT ADDED ENTRY--TOPICAL TERM
Topical term or geographic name entry element Dog breeds
Form subdivision Encyclopedias.
650 #0 - SUBJECT ADDED ENTRY--TOPICAL TERM
Topical term or geographic name entry element Dog breeds
Form subdivision Pictorial works.
Holdings
Withdrawn status Lost status Damaged status Not for loan Home library Current library Shelving location Date acquired Total checkouts Full call number Barcode Date last seen Price effective from Koha item type
        Union Union General stacks 22/03/2026   636.7/1/03 21 BC0010721 22/03/2026 22/03/2026 Books